| 000 | 02011cam a22001934a 4500 | ||
|---|---|---|---|
| 005 | 20250605164401.0 | ||
| 008 | 250528s ||||||||||||||||||||||||d | ||
| 035 | _a24594 | ||
| 040 |
_aGR-AtMCL _bgre _dGR-AtMCL _eAACR2 |
||
| 245 | 1 | _aArt of Life Health / 50 Χρόνια Λητώ | |
| 260 | _c2021 | ||
| 300 | _a114 | ||
| 520 | _aΔιαδερματικές Θεραπείες για τις Βαλβίδες της Καρδιάς αντί Χειρουργείου, Ελάχιστα Επεμβατική Χειρουργική στις Συγγενείς Καρδιοπάθειες Παίδων και Ενηλίκων, Αγγειακές Δυσπασίες, Εγκυμοσύνη μετά τον Καρκίνο του Μαστού, Σπονδυλόλυση και Σπονδυλολίσθηση, Σακχαρώδης Διαβήτης Κύησης, Κρανιοσυνοστέωση και Πλαγιοκεφαλία, Υπερτροφική Αποφρακτική Μυοκαρδιοπάθεια, Τι Είναι η Στερεοτακτική Ακτινοχειρουργική Εγκεφάλου Gamma Knife, Ακτινοθεραπεία: Η Αναίμακτη Ίαση στον Καρκίνο του Προστάτη, Νέες Ακτινοθεραπευτικές Προσεγγίσεις στον Καρκίνο του Παγκρέατος, Το Πάζλ της Ακτινοθεραπείας: Η Επικοινωνία είναι το Κλειδί, Ανεξήγητη Υπογονιμότητα: Η Λύση του Μυστηρίου, Διατροφή στην Εγκυμοσύνη, Λιθίαση Ουροποιητικού στην Εγκυμοσύνη, Σύγχρονος Τρόπος Ζωής και Αναπαραγωγική Υγεία, Όρια Χρήσης της Τεχνολογίας στα Παιδιά, Για την Κοινωνία. | ||
| 700 | 1 |
_aΒασιλάκη Κατερίνα _99488 |
|
| 942 | _cCR | ||
| 710 | 2 |
_aMc Victor And Hamilton Sa _99837 |
|
| 999 |
_c9464 _d9464 |
||